000 00283nam a2200109Ia 4500
008 221030s9999 xx 000 0 und d
245 0 _aPerformance Appraisal of Bon Media Pvt. Ltd.
260 _bBon Media Pvt. Ltd
_aMohali
_c2014
300 _a63
650 _aManagement
942 _cTH
999 _c16530
_d16530